Politics in Zambia (Record no. 82043)

MARC details
000 -LEADER
fixed length control field 01080nam a2200217 a 4500
008 - FIXED-LENGTH DATA ELEMENTS--GENERAL INFORMATION
fixed length control field 120416s1974 ||||||||||||||||| || u
020 ## - INTERNATIONAL STANDARD BOOK NUMBER
International Standard Book Number 0719005515
050 ## - LIBRARY OF CONGRESS CALL NUMBER
Classification number JQ 2881 Pol
100 ## - MAIN ENTRY--PERSONAL NAME
Personal name Tordoff, William
245 10 - TITLE STATEMENT
Title Politics in Zambia
Statement of responsibility, etc. edited by William Tordoff
260 ## - PUBLICATION, DISTRIBUTION, ETC.
Place of publication, distribution, etc. Manchester:
Name of publisher, distributor, etc. Manchester University
Date of publication, distribution, etc. 1974
300 ## - PHYSICAL DESCRIPTION
Extent xi, 439p.
350 ## -
-- 0.00
500 ## - GENERAL NOTE
General note Bibliography
650 ## - SUBJECT ADDED ENTRY--TOPICAL TERM
Topical term or geographic name entry element POLITICS
650 ## - SUBJECT ADDED ENTRY--TOPICAL TERM
Topical term or geographic name entry element POLITICAL ASPECTS--ZAMBIA
995 ## -
-- BINDERY (DAMAGED)
-- 0.00
-- 168743
-- CBU-MAIN LIBRARY (Kitwe)
-- 4
-- 0.00
-- JQ 2881 Pol
-- 3
-- DAMAGED
-- 018958
-- Main Library Open Access Collection
995 ## -
-- SPECIAL COLLECTIONS
-- 0.00
-- 167241
-- CBU-MAIN LIBRARY (Kitwe)
-- 3
-- 0.00
-- ZAM JQ 2881 Pol
-- 4
-- AVAILABLE
-- 024238
-- Zambiana Collection
995 ## -
-- MAIN LIBRARY OPEN ACCESS
-- 0.00
-- 701011
-- CBU-MAIN LIBRARY (Kitwe)
-- 1
-- 0.00
-- JQ 2881 Pol
-- 1
-- AVAILABLE
-- 009083
-- Main Library Open Access Collection
995 ## -
-- MAIN LIBRARY OPEN ACCESS
-- 0.00
-- 701012
-- CBU-MAIN LIBRARY (Kitwe)
-- 2
-- 0.00
-- JQ 2881 Pol
-- 2
-- AVAILABLE
-- 009084
-- Main Library Open Access Collection
999 ## -
-- 82043
-- 82043
Holdings
Withdrawn status Lost status Source of classification or shelving scheme Damaged status Not for loan Permanent Location Current Location Shelving location Date acquired Total Checkouts Full call number Barcode Date last seen Copy number Price effective from Koha item type Total Renewals Date last checked out
          CBU-MAIN LIBRARY, KITWE. CBU-MAIN LIBRARY, KITWE.   09/12/2023   JQ 2881 Pol 018958 09/12/2023 1 09/12/2023 MONOGRAPH    
          CBU-MAIN LIBRARY, KITWE. CBU-MAIN LIBRARY, KITWE.   09/12/2023   ZAM JQ 2881 Pol 024238 09/12/2023 2 09/12/2023 SPECIAL COLLECTION    
          CBU-MAIN LIBRARY, KITWE. CBU-MAIN LIBRARY, KITWE.   09/12/2023   JQ 2881 Pol 009083 09/12/2023 3 09/12/2023 MONOGRAPH    
          CBU-MAIN LIBRARY, KITWE. CBU-MAIN LIBRARY, KITWE.   09/12/2023 2 JQ 2881 Pol 009084 04/16/2024 4 09/12/2023 MONOGRAPH 2 02/06/2024